[Event "Chigorin Memorial"]
[Site "St Petersburg RUS"]
[Date "2012.11.03"]
[Round "8.13"]
[White "Levin, Ev"]
[Black "Khismatullin, D."]
[Result "0-1"]
[WhiteElo "2516"]
[BlackElo "2638"]
[PlyCount "114"]
[EventDate "2012.10.27"]
[SourceDate "1999.07.01"]

1. d4 Nf6 2. c4 e6 3. Nc3 Bb4 4. e3 c5 5. Bd3 Nc6 6. Nf3 Bxc3+ 7. bxc3 d6 8. e4
e5 9. d5 Ne7 10. Nh4 h6 11. f3 Bd7 12. a4 Qc7 13. g3 O-O-O 14. Bd2 Bh3 15. Qe2
g5 16. Ng2 Rdg8 17. a5 Ne8 18. Ne3 Kb8 19. Kd1 Ng7 20. Ng4 Ne8 21. Ne3 Bc8 22.
Kc2 Ng7 23. Ng4 Ng6 24. Ne3 Rf8 25. Nf5 f6 26. Qf2 h5 27. h3 Rh7 28. Qe2 Rfh8
29. Qg2 Qd8 30. Kb3 Kc7 31. Kb2 Bd7 32. Ne3 Qc8 33. Nd1 g4 34. fxg4 hxg4 35. h4
f5 36. exf5 Bxf5 37. Nf2 Bxd3 38. Nxd3 Qf5 39. Nf2 Nh5 40. Rhf1 Re7 41. Ne4
Nhf4 42. Kb3 Rf8 43. Qh1 Rb8 44. gxf4 exf4 45. Nxc5 f3 46. Rae1 Ne5 47. Ne6+
Kd7 48. Qg1 b6 49. a6 Nd3 50. Re3 b5 51. Rxd3 bxc4+ 52. Kxc4 Rc8+ 53. Kb4 Qxd3
54. Qxa7+ Ke8 55. Qb6 Qxf1 56. Qxd6 Qc4+ 57. Ka3 f2 0-1

[Event "4th Marcel Duchamp GM"]
[Site "Buenos Aires ARG"]
[Date "2012.10.30"]
[Round "8"]
[White "Peralta, Fe"]
[Black "Mareco, S."]
[Result "1/2-1/2"]
[WhiteElo "2593"]
[BlackElo "2581"]
[PlyCount "27"]
[EventDate "2012.10.23"]
[SourceDate "1999.07.01"]

1. d4 Nf6 2. c4 e6 3. Nc3 Bb4 4. e3 O-O 5. Bd3 d5 6. Nf3 c5 7. O-O Nc6 8. a3
Ba5 9. h3 dxc4 10. Bxc4 h6 11. Ba2 cxd4 12. exd4 Ne7 13. Qd3 Bc7 14. Ne4
1/2-1/2

[Event "16th OIBM 2012"]
[Site "Bad Wiessee GER"]
[Date "2012.11.01"]
[Round "6.4"]
[White "Naumann, Al"]
[Black "Landa, K."]
[Result "1/2-1/2"]
[WhiteElo "2535"]
[BlackElo "2641"]
[PlyCount "52"]
[EventDate "2012.10.27"]
[SourceDate "1999.07.01"]

1. d4 Nf6 2. c4 e6 3. Nc3 Bb4 4. e3 O-O 5. Bd3 d5 6. Nf3 c5 7. O-O Nc6 8. a3
Bxc3 9. bxc3 Qc7 10. Bb2 Re8 11. Rc1 Na5 12. Nd2 dxc4 13. Nxc4 Nxc4 14. Bxc4
Bd7 15. Qe2 e5 16. f3 e4 17. Qf2 b5 18. Ba2 c4 19. fxe4 Rxe4 20. Bb1 Bc6 21.
Bxe4 Bxe4 22. Qh4 Qc6 23. Rf2 Re8 24. Rcf1 Bg6 25. Rxf6 gxf6 26. Rxf6 Re6
1/2-1/2

[Event "TCh-ISL 2012-13"]
[Site "Reykjavik ISL"]
[Date "2012.10.07"]
[Round "4.1"]
[White "Jones, G."]
[Black "Kryvoruchko, Y."]
[Result "1/2-1/2"]
[WhiteElo "2641"]
[BlackElo "2679"]
[PlyCount "87"]
[EventDate "2012.10.05"]
[SourceDate "1999.07.01"]
[WhiteTeam "Godinn-Matar A"]
[BlackTeam "Taflfelag Reykjavikur A"]

1. d4 Nf6 2. c4 e6 3. Nc3 Bb4 4. e3 b6 5. Nge2 Ne4 6. Qc2 Bb7 7. a3 Bxc3+ 8.
Nxc3 Nxc3 9. Qxc3 O-O 10. b3 d6 11. Bb2 Nd7 12. O-O-O Qe7 13. f3 e5 14. Bd3
Rfe8 15. Bf5 Rad8 16. Bxd7 Rxd7 17. dxe5 dxe5 18. Qxe5 Qxe5 19. Bxe5 Rxd1+ 20.
Rxd1 f6 21. Bf4 g5 22. Bxc7 Rxe3 23. Bb8 Bc6 24. Kc2 Re2+ 25. Rd2 Rxd2+ 26.
Kxd2 a6 27. Kc3 Kf7 28. Ba7 b5 29. Kb4 Ke6 30. Ka5 bxc4 31. bxc4 f5 32. Kxa6 g4
33. Be3 f4 34. Bxf4 gxf3 35. gxf3 Kd7 36. Kb6 h5 37. Bg3 Bxf3 38. a4 Bh1 39. a5
Bg2 40. a6 Bh1 41. Ka7 Kc8 42. Kb6 Kd7 43. Kc5 Ke6 44. Kb5 1/2-1/2

[Event "TCh-AUT 2012-13"]
[Site "Hohenems AUT"]
[Date "2012.11.02"]
[Round "1.1"]
[White "Lenic, L."]
[Black "Babula, V."]
[Result "1-0"]
[WhiteElo "2637"]
[BlackElo "2585"]
[PlyCount "51"]
[EventDate "2012.11.02"]
[EventType "team"]
[SourceDate "1999.07.01"]
[WhiteTeam "SV Raika Rapid Feffernitz"]
[BlackTeam "Union Ansfelden"]

1. d4 Nf6 2. c4 e6 3. Nc3 Bb4 4. e3 O-O 5. Bd3 b6 6. Nge2 Bb7 7. a3 Bxc3+ 8.
Nxc3 d5 9. cxd5 exd5 10. b4 c5 11. bxc5 bxc5 12. O-O cxd4 13. exd4 Ne4 14. Qb3
Qd7 15. Bf4 Nxc3 16. Qxc3 Rc8 17. Qa5 Qg4 18. Qd2 Nd7 19. h3 Qh5 20. Rfe1 Re8
21. Rac1 Nf6 22. Re5 Rxe5 23. dxe5 Ne8 24. Qb4 Bc8 25. Qe7 a6 26. Qxe8# 1-0

[Event "Casino Barcelona Masters"]
[Site "Barcelona ESP"]
[Date "2012.10.23"]
[Round "1.3"]
[White "Sokolov, Ivan"]
[Black "Aroshidze, L."]
[Result "0-1"]
[WhiteElo "2690"]
[BlackElo "2560"]
[PlyCount "86"]
[EventDate "2012.10.23"]
[SourceDate "1999.07.01"]

1. d4 Nf6 2. c4 e6 3. Nc3 Bb4 4. e3 O-O 5. Bd3 d5 6. cxd5 exd5 7. Nge2 Re8 8.
Bd2 Bd6 9. Rc1 c6 10. O-O Ng4 11. g3 Nf6 12. f3 Nbd7 13. g4 c5 14. Qe1 cxd4 15.
exd4 Nb6 16. Qh4 h6 17. b3 Bd7 18. Kh1 Nh7 19. Qf2 Ng5 20. Kg2 Ne6 21. f4 Bc6
22. g5 Ba3 23. Rcd1 Nc5 24. Bb1 Ne4 25. Bxe4 dxe4 26. Be3 Qd6 27. gxh6 Qxh6 28.
f5 Qh5 29. d5 Bd7 30. Ng3 Qg4 31. h3 Qh4 32. Rd4 Bc5 33. Rxe4 Bxe3 34. Rxh4
Bxf2 35. Rxf2 Nxd5 36. Nxd5 Bc6 37. Kf1 Bxd5 38. Rg4 Rac8 39. Rd2 Re5 40. Kf2
Rc3 41. Rf4 f6 42. h4 Kf7 43. Re2 Rxg3 0-1

[Event "NIT Nagpur GM Open 2012"]
[Site "Nagpur IND"]
[Date "2012.10.23"]
[Round "11.2"]
[White "Lalith, B."]
[Black "Aleksandrov, A."]
[Result "0-1"]
[WhiteElo "2540"]
[BlackElo "2602"]
[PlyCount "152"]
[EventDate "2012.10.16"]
[SourceDate "1999.07.01"]

1. c4 e6 2. Nc3 Nf6 3. d4 Bb4 4. e3 O-O 5. Nge2 Re8 6. a3 Bf8 7. Nf4 d5 8. cxd5
exd5 9. Bd3 Nc6 10. O-O Ne7 11. Bd2 c6 12. Qc2 g6 13. b4 a6 14. a4 Nf5 15. b5
a5 16. Na2 Bd7 17. bxc6 bxc6 18. Nc1 Ne4 19. Nb3 Bd6 20. Rab1 Nxd2 21. Qxd2 Qg5
22. Bxf5 Bxf5 23. Rbc1 Bb4 24. Qa2 Rac8 25. Nc5 h5 26. Kh1 h4 27. h3 Be4 28.
Nxe4 dxe4 29. Rc4 Bd6 30. Qd2 Qf5 31. Kg1 g5 32. Ne2 Re6 33. f4 exf3 34. Rxf3
Qb1+ 35. Rc1 Bb4 36. Qc2 Qxc2 37. Rxc2 Rce8 38. Kf2 Kg7 39. Nc1 Bd6 40. Nd3 f5
41. Ne5 Bxe5 42. dxe5 Kg6 43. Rc5 Rxe5 44. Rxc6+ R8e6 45. Rc8 Rd6 46. Rg8+ Kh6
47. Rf8 Rdd5 48. Ke2 Kg7 49. Rc8 Re4 50. Rc7+ Kg6 51. Rc6+ Kh5 52. Rf6 f4 53.
Rf8 Kg6 54. Rg8+ Kf7 55. Rb8 Ke7 56. Rb2 Rde5 57. Kf2 fxe3+ 58. Ke2 Rxa4 59.
Rxe3 Rae4 60. Rb7+ Kd6 61. Rxe4 Rxe4+ 62. Kd3 Rb4 63. Ra7 Ra4 64. Ke2 Kc6 65.
Rg7 Re4+ 66. Kd3 Re5 67. Rg8 a4 68. Ra8 Kb5 69. Rb8+ Kc5 70. Rb7 Rf5 71. Rb2
Rf4 72. Kc3 Rc4+ 73. Kd3 Rc1 74. Rb8 Rg1 75. Rc8+ Kb4 76. Rb8+ Ka3 0-1

[Event "TCh-SUI National A 2012"]
[Site "Switzerland SUI"]
[Date "2012.10.20"]
[Round "8.2"]
[White "Edouard, R."]
[Black "Cvitan, O."]
[Result "1/2-1/2"]
[WhiteElo "2607"]
[BlackElo "2528"]
[PlyCount "35"]
[EventDate "2012.03.18"]
[SourceDate "1999.07.01"]
[WhiteTeam "Geneve 1"]
[BlackTeam "Riehen 1"]

1. d4 Nf6 2. c4 e6 3. Nc3 Bb4 4. e3 O-O 5. Bd3 d5 6. Nf3 c5 7. O-O cxd4 8. exd4
dxc4 9. Bxc4 b6 10. Bg5 Bb7 11. Rc1 Nc6 12. a3 Bxc3 13. Rxc3 Rc8 14. Re1 Ne7
15. Bb3 Rxc3 16. bxc3 Ne4 17. Qd3 Nc5 18. Qd1 1/2-1/2

[Event "NIT Nagpur GM Open 2012"]
[Site "Nagpur IND"]
[Date "2012.10.20"]
[Round "8.1"]
[White "Aleksandrov, A."]
[Black "Kravtsiv, M."]
[Result "1/2-1/2"]
[WhiteElo "2602"]
[BlackElo "2592"]
[PlyCount "103"]
[EventDate "2012.10.16"]
[SourceDate "1999.07.01"]

1. d4 e6 2. c4 Nf6 3. Nc3 Bb4 4. e3 O-O 5. Bd3 d5 6. Nf3 c5 7. O-O Nc6 8. cxd5
exd5 9. dxc5 Bxc5 10. h3 Qe7 11. b3 Rd8 12. Bb2 Ne4 13. Rc1 Bf5 14. Ne2 Nxf2
15. Rxf2 Bxd3 16. Qxd3 Qxe3 17. Qxe3 Bxe3 18. Rd1 Rac8 19. Kf1 d4 20. Nexd4
Nxd4 21. Nxd4 Bxf2 22. Kxf2 Rc2+ 23. Nxc2 Rxd1 24. Ke2 Rd7 25. a4 f6 26. Bd4 a6
27. Bb6 Kf7 28. Nd4 Rd5 29. b4 h5 30. a5 Ke7 31. Bc5+ Kd7 32. g3 Re5+ 33. Kf2
g6 34. Ne2 g5 35. Nd4 Re4 36. Nf5 Rc4 37. Ke3 h4 38. gxh4 Rf4 39. Nd6 Rxh4 40.
Nxb7 Kc6 41. Nd6 Kd5 42. Kd2 Rxh3 43. Ne8 Kc4 44. Nc7 Rh7 45. Bb6 Rd7+ 46. Ke3
Kxb4 47. Nxa6+ Kb5 48. Nc5 Re7+ 49. Kf3 f5 50. Nb3 Rd7 51. Nd4+ Rxd4 52. Bxd4
1/2-1/2

[Event "St Petersburg Rapid Cup 2012"]
[Site "St Petersburg RUS"]
[Date "2012.10.06"]
[Round "5.6"]
[White "Matlakov, M."]
[Black "Efimenko, Z."]
[Result "1/2-1/2"]
[WhiteElo "2665"]
[BlackElo "2689"]
[PlyCount "58"]
[EventDate "2012.10.05"]
[SourceDate "1999.07.01"]

1. d4 Nf6 2. c4 e6 3. Nc3 Bb4 4. e3 O-O 5. Bd3 c5 6. Nf3 b6 7. O-O Bxc3 8. bxc3
Bb7 9. Re1 Ne4 10. Qc2 f5 11. Nd2 Nxd2 12. Bxd2 Nc6 13. e4 cxd4 14. exf5 Qf6
15. Be4 exf5 16. Bd5+ Kh8 17. Qd3 Rab8 18. cxd4 Qxd4 19. Qxd4 Nxd4 20. Re7 Bxd5
21. cxd5 Rbc8 22. Rxd7 Rfd8 23. Rxd8+ Rxd8 24. Re1 Kg8 25. Re5 Nc6 26. dxc6
Rxd2 27. g3 Rc2 28. Re7 Rxc6 29. Rxa7 Rc2 1/2-1/2

[Event "TCh-NED Meesterklasse 2012-13"]
[Site "Netherland NED"]
[Date "2012.10.06"]
[Round "2.3"]
[White "Spoelman, W."]
[Black "Werle, J."]
[Result "1/2-1/2"]
[WhiteElo "2546"]
[BlackElo "2533"]
[PlyCount "105"]
[EventDate "2012.09.15"]
[SourceDate "1999.07.01"]
[WhiteTeam "Kennemer Combinatie"]
[BlackTeam "Groninger Combinatie"]

1. d4 Nf6 2. c4 e6 3. Nc3 Bb4 4. e3 O-O 5. Nge2 d5 6. a3 Be7 7. cxd5 exd5 8. g3
c6 9. Qc2 Na6 10. Bg2 Nc7 11. O-O g6 12. f3 c5 13. dxc5 Bxc5 14. Kh1 Be7 15.
Rd1 Bd7 16. b3 Qc8 17. Bb2 Rd8 18. Rac1 Bf5 19. Qd2 Qd7 20. g4 Be6 21. Qd4 h6
22. Nf4 g5 23. Nxe6 Qxe6 24. Ne2 Nce8 25. Ng3 Ng7 26. Rc7 Rd7 27. Rdc1 Nfe8 28.
Nh5 f6 29. Rxd7 Qxd7 30. f4 Rd8 31. Qxa7 Qxg4 32. Qxb7 Qe6 33. Nxg7 Nxg7 34.
fxg5 hxg5 35. Bd4 Nf5 36. Rc6 Qf7 37. Rc7 Nxd4 38. Rxe7 Qh5 39. h3 Nf5 40. Rd7
Rxd7 41. Qxd7 Qd1+ 42. Kh2 Qc2 43. Qxd5+ Kg7 44. Qd7+ Kg6 45. Qe8+ Kg7 46. Qc6
Qb2 47. Qd7+ Kg6 48. Qd3 Qf2 49. Qe4 Qg3+ 50. Kg1 Qe1+ 51. Bf1 Qg3+ 52. Kh1 Qe1
53. Kg1 1/2-1/2

[Event "Vladivostok Russian Cup 2012"]
[Site "Vladivostok RUS"]
[Date "2012.09.21"]
[Round "5.4"]
[White "Bocharov, D."]
[Black "Belozerov, A."]
[Result "1-0"]
[WhiteElo "2603"]
[BlackElo "2506"]
[PlyCount "61"]
[EventDate "2012.09.17"]
[SourceDate "1999.07.01"]

1. c4 Nf6 2. Nc3 e6 3. d4 Bb4 4. e3 O-O 5. Nge2 d5 6. a3 Be7 7. cxd5 exd5 8. h3
Re8 9. g4 c6 10. Bg2 a5 11. O-O Na6 12. Ng3 Bd6 13. f4 Nc7 14. g5 Nd7 15. e4
dxe4 16. Ngxe4 Bf8 17. f5 Nb6 18. Qf3 Nc4 19. Kh1 Qxd4 20. Bf4 Rxe4 21. Nxe4
Nd5 22. Rad1 Qxb2 23. g6 Ne5 24. Bxe5 Qxe5 25. gxh7+ Kh8 26. Ng5 Be6 27. Rde1
Qf6 28. Qh5 g6 29. fxg6 Nf4 30. Rxe6 fxe6 31. Rxf4 1-0

[Event "21st TCh-CRO 1a 2012"]
[Site "Sibenik CRO"]
[Date "2012.09.24"]
[Round "2.24"]
[White "Zaja, I."]
[Black "Kurajica, B."]
[Result "0-1"]
[WhiteElo "2505"]
[BlackElo "2556"]
[PlyCount "130"]
[EventDate "2012.09.23"]
[SourceDate "1999.07.01"]
[WhiteTeam "SK ETF-Osijek, Osijek"]
[BlackTeam "GSK Mravince-Cemex, Mravince"]

1. d4 Nf6 2. c4 e6 3. Nc3 Bb4 4. e3 d5 5. a3 Bxc3+ 6. bxc3 c6 7. Nf3 O-O 8. Bd3
Nbd7 9. O-O Qc7 10. cxd5 cxd5 11. Qc2 b6 12. a4 Bb7 13. Ba3 Rfc8 14. Rfc1 e5
15. Bf5 e4 16. Nd2 g6 17. Bh3 Ba6 18. Be7 Re8 19. Bxf6 Nxf6 20. Qa2 h5 21. a5
b5 22. Qb3 Rab8 23. Qb4 Bc8 24. Bxc8 Rexc8 25. a6 Ng4 26. Nf1 Rb6 27. h3 Nh6
28. Ra5 Rcb8 29. Rb1 Nf5 30. Nd2 Qd8 31. Qb3 Kg7 32. Re1 Nh4 33. Nf1 Nf5 34.
Nd2 Ne7 35. f3 f5 36. f4 h4 37. Ra2 Qc7 38. Qb4 Rc6 39. Rc1 Kf7 40. Ra5 Rcb6
41. Rb1 g5 42. fxg5 Qg3 43. Nf1 Qxg5 44. Ra2 Rg8 45. Rbb2 Qf6 46. Rf2 Rc8 47.
Qb3 Qc6 48. Qd1 Qh6 49. Qb3 Ke8 50. Ra5 Qc6 51. Ra3 Kd7 52. Rf4 Rh8 53. Ra5 Ke6
54. Rf2 Rc8 55. Ra3 Rxa6 56. Rfa2 Rxa3 57. Rxa3 Rc7 58. Qa2 Kd7 59. Qe2 a6 60.
Qa2 Qc4 61. Qf2 Qd3 62. Qa2 f4 63. Rxa6 fxe3 64. Qa3 b4 65. Qa4+ Nc6 0-1

[Event "TCh-SUI National A 2012"]
[Site "Switzerland SUI"]
[Date "2012.09.22"]
[Round "6.1"]
[White "Jussupow, Ar"]
[Black "Sokolov, And1"]
[Result "1/2-1/2"]
[WhiteElo "2578"]
[BlackElo "2577"]
[PlyCount "32"]
[EventDate "2012.03.18"]
[SourceDate "1999.07.01"]
[WhiteTeam "Winterthur 1"]
[BlackTeam "Reichenstein 1"]

1. d4 Nf6 2. c4 e6 3. Nc3 Bb4 4. e3 O-O 5. Nge2 d5 6. a3 Be7 7. cxd5 exd5 8. g3
a5 9. Bg2 Na6 10. O-O c6 11. f3 c5 12. Bd2 Re8 13. Be1 Nc7 14. Bf2 b6 15. Re1
Ba6 16. Qd2 Qd7 1/2-1/2

[Event "TCh-SRB Prem 2012"]
[Site "Valjevo SRB"]
[Date "2012.09.19"]
[Round "3.2"]
[White "Rodshtein, M."]
[Black "Pavlovic, Milos"]
[Result "1/2-1/2"]
[WhiteElo "2634"]
[BlackElo "2531"]
[PlyCount "47"]
[EventDate "2012.09.17"]
[SourceDate "1999.07.01"]
[WhiteTeam "VSK Sv. Nikolaj Srpski Valjevo"]
[BlackTeam "SK Lasta Beograd"]

1. d4 Nf6 2. c4 e6 3. Nc3 Bb4 4. e3 Bxc3+ 5. bxc3 d6 6. Bd3 e5 7. e4 c5 8. d5
Nbd7 9. Ne2 Nf8 10. Ng3 Ng6 11. Nf5 Kf8 12. Qf3 Bxf5 13. Qxf5 Qa5 14. Bd2 Nf4
15. Bxf4 Qxc3+ 16. Ke2 exf4 17. Rab1 b6 18. Qxf4 Qe5 19. g3 g5 20. Qxe5 dxe5
21. f4 exf4 22. gxf4 Re8 23. fxg5 Nxe4 24. Bxe4 1/2-1/2

[Event "TCh-CHN 2012"]
[Site "Hangzhou CHN"]
[Date "2012.09.22"]
[Round "11"]
[White "Li Shilong"]
[Black "Bologan, V."]
[Result "1-0"]
[WhiteElo "2549"]
[BlackElo "2687"]
[PlyCount "62"]
[EventDate "2012.04.28"]
[SourceDate "1999.07.01"]
[WhiteTeam "Guangdong Huateng Club Team"]
[BlackTeam "Chengdu Bank Team"]

1. d4 Nf6 2. c4 e6 3. Nc3 Bb4 4. e3 O-O 5. Bd3 d5 6. a3 Bxc3+ 7. bxc3 dxc4 8.
Bxc4 c5 9. Ne2 Qc7 10. Bd3 e5 11. f3 Nc6 12. O-O Rd8 13. Bb2 Be6 14. Rb1 Na5
15. Rf2 h6 16. e4 Ba2 17. Ra1 Bb3 18. Qe1 Bc4 19. Rd1 Bxd3 20. Rxd3 Nc4 21. Bc1
Qa5 22. Qd1 cxd4 23. cxd4 exd4 24. Nxd4 Ne5 25. Rdd2 Rac8 26. Nf5 Kh7 27. h3
Qb6 28. Rxd8 Rxd8 29. Qe2 Ned7 30. Be3 Qa5 31. Rf1 Qc7 1-0

[Event "TCh-POL Ekstraliga 2012"]
[Site "Gorzow POL"]
[Date "2012.09.14"]
[Round "4.2"]
[White "Cyborowski, L."]
[Black "Maksimenko, An"]
[Result "1/2-1/2"]
[WhiteElo "2560"]
[BlackElo "2554"]
[PlyCount "95"]
[EventDate "2012.05.04"]
[SourceDate "1999.07.01"]
[WhiteTeam "LKS WRZOS Miedzyborow"]
[BlackTeam "GK BASZTA MOS Znin"]

1. d4 Nf6 2. c4 e6 3. Nc3 Bb4 4. e3 O-O 5. Bd3 d5 6. cxd5 exd5 7. Nge2 Re8 8.
O-O Bf8 9. Rb1 a5 10. Qc2 Na6 11. a3 c6 12. Bd2 g6 13. Ng3 h5 14. Nge2 c5 15.
dxc5 Nxc5 16. Nd4 Nxd3 17. Qxd3 Ne4 18. Rbc1 Nc5 19. Qc2 a4 20. Na2 b6 21. Nb4
Bb7 22. Rfd1 Rc8 23. Bc3 Qd7 24. Nf3 Nb3 25. Rb1 d4 26. Nxd4 Bxb4 27. axb4 Be4
28. Qe2 Bxb1 29. Nxb3 Qe7 30. Nd4 Be4 31. Ra1 Bc6 32. Nxc6 Rxc6 33. Qb5 Qd7 34.
Qxa4 Rd8 35. Qb3 Qe6 36. Qxe6 Rxe6 37. Kf1 f6 38. Ra7 Rf8 39. Ke2 Rf7 40. Ra8+
Rf8 41. Ra6 Rd8 42. Ra7 Kf8 43. Rh7 Rd5 44. Rb7 Rdd6 45. Kf3 Re7 46. Rb8+ Re8
47. Rb7 Re7 48. Rb8+ 1/2-1/2

[Event "40th Olympiad Open"]
[Site "Istanbul TUR"]
[Date "2012.09.03"]
[Round "6.22"]
[White "Sokolov, Ivan"]
[Black "Michiels, B."]
[Result "1/2-1/2"]
[WhiteElo "2696"]
[BlackElo "2509"]
[PlyCount "99"]
[EventDate "2012.08.28"]
[SourceDate "1999.07.01"]
[WhiteTeam "Netherlands"]
[BlackTeam "Belgium"]
[WhiteTeamCountry "UKR"]
[BlackTeamCountry "BER"]

1. d4 Nf6 2. c4 e6 3. Nc3 Bb4 4. e3 O-O 5. Bd3 c5 6. Nf3 Nc6 7. O-O Bxc3 8.
bxc3 d6 9. Nd2 b6 10. Re1 Ba6 11. Bb2 Re8 12. e4 e5 13. d5 Ne7 14. Nf1 Bc8 15.
Bc1 Ng6 16. g3 Bh3 17. a4 h6 18. Ra2 Rb8 19. Ne3 Bd7 20. Qf3 Nh7 21. h4 Ne7 22.
Bd2 Qc8 23. Kh2 Nf6 24. Qg2 Nh7 25. f4 exf4 26. gxf4 Ng6 27. Nf5 Qd8 28. Rg1
Bxf5 29. exf5 Qxh4+ 30. Qh3 Qxh3+ 31. Kxh3 Ngf8 32. Bc1 Re7 33. Rag2 f6 34. Kg4
Rbe8 35. Kf3 Nd7 36. Bd2 a5 37. Bc2 Nhf8 38. Bd1 Nb8 39. Kf2 Rd8 40. Bh5 Nfd7
41. Be3 Na6 42. Ke2 Kf8 43. Kd3 Rb8 44. Bf2 Nc7 45. Bh4 Rd8 46. Bg6 Kg8 47. Rb1
Rb8 48. Rbb2 Rd8 49. Bh5 Kf8 50. Bg6 1/2-1/2

[Event "40th Olympiad Open"]
[Site "Istanbul TUR"]
[Date "2012.09.06"]
[Round "9.30"]
[White "Salem, AR."]
[Black "Rodriguez Vila, A."]
[Result "0-1"]
[WhiteElo "2546"]
[BlackElo "2536"]
[PlyCount "70"]
[EventDate "2012.08.28"]
[SourceDate "1999.07.01"]
[WhiteTeam "United Arab Emirates"]
[BlackTeam "Uruguay"]
[WhiteTeamCountry "GMA"]
[BlackTeamCountry "GUB"]

1. d4 e6 2. c4 Nf6 3. Nc3 Bb4 4. e3 b6 5. Bd3 Bb7 6. Nf3 c5 7. O-O O-O 8. Na4
cxd4 9. exd4 Bd6 10. Bg5 h6 11. Bh4 Bxf3 12. gxf3 Nc6 13. Kh1 Be7 14. Rg1 Nh5
15. f4 Bxh4 16. Qxh5 Qf6 17. Rg2 Qxf4 18. Rag1 Bf6 19. Nc3 Nxd4 20. Be4 Rac8
21. Rg4 Qd2 22. Rd1 Qxf2 23. Qxh6 Nf5 24. Qh3 Qe3 25. Qf1 Bxc3 26. bxc3 Rc5 27.
Rd3 Qh6 28. Rh3 Qf6 29. Qd3 g6 30. Kg1 Rfc8 31. Bb7 R8c7 32. Bg2 d5 33. cxd5
Rxc3 34. Qb5 Rxh3 35. Bxh3 Rc1+ 0-1

[Event "40th Olympiad Open"]
[Site "Istanbul TUR"]
[Date "2012.09.07"]
[Round "10.5"]
[White "Hracek, Z."]
[Black "Swiercz, D."]
[Result "0-1"]
[WhiteElo "2619"]
[BlackElo "2594"]
[PlyCount "224"]
[EventDate "2012.08.28"]
[SourceDate "1999.07.01"]
[WhiteTeam "Czech Republic"]
[BlackTeam "Poland"]
[WhiteTeamCountry "GER"]
[BlackTeamCountry "LES"]

1. c4 Nf6 2. Nc3 e6 3. d4 Bb4 4. e3 O-O 5. Bd3 d5 6. Nf3 c5 7. O-O dxc4 8. Bxc4
Nc6 9. a3 Bxc3 10. bxc3 Qc7 11. Bb2 e5 12. h3 Bf5 13. Qe2 Rad8 14. Bb5 e4 15.
Nd2 Bg6 16. Bxc6 bxc6 17. Nc4 Bh5 18. Qc2 Rd5 19. Ne5 c4 20. f4 exf3 21. gxf3
Nd7 22. f4 Nxe5 23. fxe5 Bg6 24. e4 c5 25. Qe2 Rd7 26. Qxc4 Bxe4 27. Qxc5 Qxe5
28. dxe5 Rd5 29. c4 Rxc5 30. Rac1 Rfc8 31. Bd4 Rxc4 32. Rxc4 Rxc4 33. Bxa7 Rc3
34. Re1 Bf5 35. h4 Rxa3 36. Bf2 h6 37. Re3 Ra4 38. Kg2 Be6 39. Rd3 Kh7 40. Rd4
Ra3 41. Bg3 Kg6 42. Kf2 Rb3 43. Kg2 Kf5 44. Rf4+ Kg6 45. Rd4 Bc8 46. Kf2 Kh5
47. Rf4 Be6 48. Rd4 Rc3 49. Kg2 Rc2+ 50. Kf1 Bh3+ 51. Ke1 Ra2 52. Rf4 Be6 53.
Rd4 Kg6 54. Rf4 Rb2 55. Kf1 Rd2 56. Ke1 Rd3 57. Bf2 Kh5 58. Re4 Bg4 59. Kf1 Rb3
60. Rf4 Be6 61. Re4 Rc3 62. Ke2 Kg6 63. Rf4 Ra3 64. Kf1 Ra5 65. Bg3 Ra3 66. Bf2
Kh5 67. Re4 Rf3 68. Ke1 Bg4 69. Rd4 Rf5 70. Bg3 Rf3 71. Bf2 Bf5 72. Ke2 Rb3 73.
Rf4 Bg4+ 74. Kd2 Be6 75. Ke2 Rb5 76. Bd4 Ra5 77. Kf2 Ra3 78. Ke2 Ra4 79. Ke3
Ra2 80. Kd3 Ra5 81. Ke3 Rb5 82. Kd2 Rd5 83. Ke3 Rd8 84. Ke4 Ra8 85. Ke3 Ra6 86.
Kd2 Rc6 87. Bf2 Rc7 88. Bg3 Ra7 89. Rd4 Ra3 90. Bf2 g6 91. Be3 Ra5 92. Bf4 Ra3
93. Be3 Ra2+ 94. Kc3 g5 95. hxg5 hxg5 96. Rd8 g4 97. Rg8 Kh4 98. Kd4 Kg3 99.
Kd3 Kf3 100. Bd4 g3 101. Rh8 Bf5+ 102. Kc3 Rc2+ 103. Kb3 Rc1 104. Rg8 Be6+ 105.
Kb2 Rc4 106. Ba7 Rc8 107. Rg5 g2 108. Rg7 Rc7 109. Bg1 Rc4 110. Rg8 Rg4 111.
Ra8 Ke2 112. Ra3 Re4 0-1

[Event "40th Olympiad Open"]
[Site "Istanbul TUR"]
[Date "2012.09.07"]
[Round "10.13"]
[White "Illescas Cordoba, M."]
[Black "Banikas, H."]
[Result "1/2-1/2"]
[WhiteElo "2601"]
[BlackElo "2623"]
[PlyCount "57"]
[EventDate "2012.08.28"]
[SourceDate "1999.07.01"]
[WhiteTeam "Spain"]
[BlackTeam "Greece"]
[BlackTeamCountry "KGZ"]

1. d4 Nf6 2. c4 e6 3. Nc3 Bb4 4. e3 O-O 5. Bd3 d5 6. Nf3 c5 7. O-O dxc4 8. Bxc4
Nbd7 9. a3 cxd4 10. axb4 dxc3 11. bxc3 Qc7 12. Be2 Qxc3 13. Rb1 Qc7 14. Bb2 b6
15. Rc1 Qb8 16. Bb5 a6 17. Bxd7 Nxd7 18. Nd4 Ne5 19. f4 Ng6 20. Nc6 Qc7 21. Qh5
Bb7 22. Rf3 Bxc6 23. Rh3 h6 24. Bxg7 Kxg7 25. Qxh6+ Kf6 26. Qg5+ Kg7 27. Qh6+
Kf6 28. Qg5+ Kg7 29. Qh6+ 1/2-1/2

[Event "40th Olympiad Open"]
[Site "Istanbul TUR"]
[Date "2012.08.29"]
[Round "2.34"]
[White "Salem, AR."]
[Black "Gundavaa, B."]
[Result "1-0"]
[WhiteElo "2546"]
[BlackElo "2519"]
[PlyCount "79"]
[EventDate "2012.08.28"]
[SourceDate "1999.07.01"]
[WhiteTeam "United Arab Emirates"]
[BlackTeam "Mongolia"]
[WhiteTeamCountry "GMA"]
[BlackTeamCountry "TJK"]

1. d4 Nf6 2. c4 e6 3. Nc3 Bb4 4. e3 O-O 5. Bd3 d5 6. Nf3 c5 7. O-O Nc6 8. cxd5
exd5 9. dxc5 Bxc5 10. h3 Qe7 11. b3 Rd8 12. Bb2 Ne4 13. Rc1 Bf5 14. Ne2 Rac8
15. Bb1 Ba3 16. Bxa3 Qxa3 17. Nfd4 Bg6 18. Nxc6 bxc6 19. Nf4 Nf6 20. Bxg6 hxg6
21. Rc2 g5 22. Nd3 d4 23. Qf3 dxe3 24. Qxe3 Rd5 25. Ne5 Re8 26. Nc4 Rxe3 27.
Nxa3 Re6 28. Rfc1 g4 29. hxg4 Nxg4 30. Nc4 Rc5 31. f3 Nf6 32. Kf2 Nd5 33. Rd2
g6 34. Rd4 Kg7 35. a3 a5 36. a4 Re7 37. Rh1 Rb7 38. Nd6 Rc2+ 39. Kg3 Nf6 40.
Nxb7 1-0

[Event "87th ch-FRA 2012"]
[Site "Pau FRA"]
[Date "2012.08.22"]
[Round "9"]
[White "Edouard, R."]
[Black "Tkachiev, V."]
[Result "1-0"]
[WhiteElo "2652"]
[BlackElo "2644"]
[PlyCount "101"]
[EventDate "2012.08.13"]
[SourceDate "1999.07.01"]

1. d4 Nf6 2. c4 e6 3. Nc3 Bb4 4. e3 O-O 5. Bd3 c5 6. Nf3 Nc6 7. O-O Bxc3 8.
bxc3 d6 9. e4 e5 10. d5 Ne7 11. Nh4 Kh8 12. g3 Bh3 13. Re1 Qd7 14. f3 Nfg8 15.
g4 Ng6 16. Nxg6+ fxg6 17. Kh1 h5 18. gxh5 Qf7 19. Be2 gxh5 20. Rg1 Nf6 21. Qe1
Nh7 22. Qh4 Bd7 23. Be3 g6 24. Raf1 Qf6 25. Qg3 Rg8 26. h4 Qe7 27. f4 Rae8 28.
fxe5 dxe5 29. Kh2 b6 30. Bh6 Ba4 31. Rf2 Bc2 32. Rgf1 Bxe4 33. Rf7 Qd8 34. Bxh5
Re7 35. Bg4 Bf5 36. Rxe7 Qxe7 37. Bh3 Bxh3 38. Kxh3 g5 39. hxg5 Nxg5+ 40. Bxg5
Rxg5 41. Qh4+ Kg8 42. Rf5 Rg7 43. Qxe7 Rxe7 44. Kg3 e4 45. Kf2 Rh7 46. Ke3 Rh3+
47. Kxe4 Rxc3 48. d6 Rxc4+ 49. Kd5 Rd4+ 50. Kc6 c4 51. d7 1-0

[Event "32nd Bratto Masters"]
[Site "Bratto ITA"]
[Date "2012.08.21"]
[Round "4.1"]
[White "Maiorov, N1."]
[Black "Panchanathan, M."]
[Result "0-1"]
[WhiteElo "2554"]
[BlackElo "2564"]
[PlyCount "94"]
[EventDate "2012.08.18"]
[SourceDate "1999.07.01"]

1. d4 Nf6 2. c4 e6 3. Nc3 Bb4 4. e3 b6 5. Bd3 Bb7 6. Nf3 O-O 7. O-O d5 8. cxd5
exd5 9. a3 Bd6 10. b4 a6 11. Qb3 Qe7 12. Rb1 Nbd7 13. a4 Rfe8 14. b5 axb5 15.
axb5 Nf8 16. Bb2 Qd7 17. Kh1 Ng6 18. Rbc1 Qg4 19. Qd1 Bc8 20. Ne2 Qh5 21. Ng3
Bxg3 22. fxg3 Ng4 23. Qd2 Ra2 24. Bb1 Ra5 25. Rxc7 Bf5 26. Bxf5 Qxf5 27. Kg1 f6
28. h3 Nh6 29. Bc3 Rxb5 30. Qe2 Rb1 31. Be1 Qe6 32. Rc3 Nf7 33. Qc2 Ra1 34. Kh2
Ne7 35. Qb2 Raa8 36. Rb3 Rab8 37. g4 Nc8 38. Bg3 Nfd6 39. Qb1 Ra8 40. Bxd6 Nxd6
41. Rxb6 Qxe3 42. Re1 Qf4+ 43. Kg1 Nc4 44. Rb4 Qg3 45. Qd1 Re3 46. Rf1 Ra2 47.
Nh4 Ree2 0-1